01488nam a22002417a 450000500170000000800440001702000150006105000210007611101230009724502400022025000120046026001680047230000300064050001770067065000570084765000390090470000320094370000330097570000290100870000160103771000900105371001030114320220705125810.0220705b mx ||||| |||| 00| 0 spa d a968660824904aN6550 bC65 19892 aColoquio Internacional de Historia del Arte (Culiacán, Sinaloa, México) d(1989 : cCuliacán, Sinaloa, México)10aRegionalización en el arte :bteoría y praxis c/ Coloquio Internacional de Historia del Arte ; José Guadalupe Victoria, Elisa Vargas Lugo y María Teresa Uriarte, compiladores ; con la participación de Rita Eder ... [et al.]. a1a. ed. aCuliacán, Sinaloa, México : bGobierno del Estado de Sinaloa ; bUniversidad Nacional Autónoma de México, Instituto de Investigaciones Estéticas, c1992. a267 p. : bil. ; c30 cm. aActas del Coloquio Internacional de Historia en el Arte, realizado en Culiacán en 1989, organizado por la Dirección de Investigación y Fomento de la Cultura Regional. 72Lemb aRegionalismo en el artevCongresoszMéxico  72Lemb aArte Comparado vCongresos.1 aVictoria, José Guadalupe.1 aVargas Lugo de Bosch, Elisa.1 aUriarte, María Teresa.1 aEder, Rita.2 aUniversidad Nacional Autónoma de MéxicobInstituto de Investigaciones Estéticas2 aCuliacán Sinaloa, México : bDirección de Investigación y Fomento de la Cultura Regional.